000
00325nam a22001337a 4500
003
OSt
008
240730b |||||||| |||| 00| 0 eng d
082
_a
635.93346
_b
G60A
100
_a
GBPUAT, Pantnagar
245
_a
Abstracts National Seminar on Cucurbits
260
_a
Pantnagar
_c
2005
300
_a
173p.
942
_2
ddc
_c
DRB
999
_c
42870
_d
42870